000 00462nam a22001577a 4500
008 131111b xxu||||| |||| 00| 0 ger d
020 _a3854283164
041 0 _ager
080 _a336.71
245 0 0 _aQuality Banking :
_cWilhelm Bühler
260 _aWien :
_bService Fachverlag ;
_c1995.
300 _a170 f. :
_bme il. ;
_c21 cm.
650 _aBankat dhe veprimtaria bankare
650 _aFinanca
942 _2udc
_cBK
999 _c270
_d270